| 000 | 00385nam a22001577a 4500 | ||
|---|---|---|---|
| 008 | 150708b xxu||||| |||| 00| 0 alb d | ||
| 020 | _a9992798254 | ||
| 041 | 0 | _aalb | |
| 080 | _a316.282 | ||
| 100 | _aWeber, Max; | ||
| 245 |
_aStudime sociologjike / _cMax Weber; |
||
| 260 |
_aTiranë : _bPlejad, _c2004. |
||
| 300 |
_a280 f. ; _c21 cm. |
||
| 650 | 0 | _aSociologjia | |
| 942 |
_2udc _cBK |
||
| 999 |
_c1098 _d1098 |
||